UK Number 2's - Statistics

General Stats
  • This quiz has been taken 25 times
  • The average score is 6 of 15
Answer Stats
Question Answer % Correct
T.Rex Jeepster
100%
Taylor Swift Love Story
100%
The Kinks All The Day And All Of The Night
50%
Gorillaz Feel Good Inc.
50%
Status Quo In The Army Now
50%
David Bowie Modern Love
50%
Girls Aloud No Good Advice
50%
Bryan Adams Please Forgive Me
50%
Salt N Pepa Push It
50%
Dean Martin That's Amore
50%
Rolling Stones Brown Sugar
0%
Kylie Minogue Confide In Me
0%
Dannii Minogue I Begin To Wonder
0%
Duran Duran Save A Prayer
0%
Leo Sayer The Show Must Go On
0%
No matching quizzes found
Score Distribution
Percent of People with Each Score
Percentile by Number Answered
Your Score History
You have not taken this quiz